000
00237nam a2200097Ia 4500
001
687384
005
20250826161554.0
008
250824s9999 xx 000 0 und d
245
0
_a
TROYA MASALI
_c
AZRA ERHAT
260
_b
GÜNIŞIĞI YAYINLARI
999
_c
687384
_d
687384